Complete the Card - NXT Worlds Collide 2022 - Statistics

General Stats
  • This quiz has been taken 45 times
  • The average score is 14 of 19
Answer Stats
Hint Answer % Correct
NXT and NXT United Kingdom Championship Unification Match Bron Breakker
93%
NXT North American Championship Match Carmelo Hayes
93%
NXT and NXT United Kingdom Championship Unification Match Tyler Bate
93%
NXT and NXT UK Women's Championship Unification Triple Threat Match Mandy Rose
90%
NXT and NXT UK Tag Team Championship Unification Fatal Four-Way Match Wolfgang
83%
NXT and NXT UK Tag Team Championship Unification Fatal Four-Way Match Elton Prince
78%
NXT and NXT UK Tag Team Championship Unification Fatal Four-Way Match Mark Coffey
78%
NXT and NXT UK Tag Team Championship Unification Fatal Four-Way Match Kit Wilson
75%
NXT Women's Tag Team Championship Match Katana Chance
73%
NXT Women's Tag Team Championship Match Kayden Carter
73%
NXT and NXT UK Tag Team Championship Unification Fatal Four-Way Match Brutus Creed
70%
NXT and NXT UK Tag Team Championship Unification Fatal Four-Way Match Julius Creed
70%
NXT and NXT UK Women's Championship Unification Triple Threat Match Meiko Satomura
70%
NXT and NXT UK Women's Championship Unification Triple Threat Match Blair Davenport
68%
NXT North American Championship Match Ricochet
68%
NXT and NXT UK Tag Team Championship Unification Fatal Four-Way Match Josh Briggs
65%
NXT and NXT UK Tag Team Championship Unification Fatal Four-Way Match Brooks Jensen
63%
NXT Women's Tag Team Championship Match Doudrop
60%
NXT Women's Tag Team Championship Match Nikki A.S.H.
60%
No matching quizzes found
Score Distribution
Percent of People with Each Score
Percentile by Number Answered
Your Score History
You have not taken this quiz